| 000 | 01188nam a2200181Ia 4500 | ||
|---|---|---|---|
| 008 | 130821s1925 sp gr spa | ||
| 040 |
_aCo-BoUCM _bspa |
||
| 041 | 0 | 0 | _aspa |
| 100 | 2 | 0 | _aLeturia, Pedro, S. J. |
| 245 | 1 | 3 |
_aLa acción diplomática de Bolívar ante Pío VII _b1820-1828 a la luz del archivo vaticano _cPedro Leturia |
| 260 |
_aMadrid (España) _bRazón y Fe _c1925 |
||
| 300 | _a325 páginas | ||
| 505 | _aEl ocaso del patrono español en América. -- Posición mutua de la América española y Roma desde 1810 hasta 1820. -- El primer contacto de Colombia y la emancipación con Pío VII. -- El primer contacto de la Santa Sede con la gran Colombia y la América emancipada. -- La misión Muzi. -- Informes del obispo español de Popayán sobre el libertador Bolívar. -- Acción oficial de Bogotá, 1822-1823. -- La transición de Pío VII a León XII, vista desde Colombia, 1823-1824. -- Apéndices. -- Índice. | ||
| 610 |
_aLa Santa Sede _bRelaciones internacionales _zColombia _y1820-1823 _94410 |
||
| 651 | 7 |
_aColombia _bRelaciones internacionales _xSanta Sede _y1820-1823 _926606 |
|
| 942 |
_cLIBRO _a6 _e1 _mL37o1 _2DEWEY _h322.1 |
||
| 999 |
_c62054 _d62054 |
||